[Event "6MCR_4D_2L_4S"]
[Site "?"]
[Date "2004.??.??"]
[Round "?"]
[White "Bares, Jiri"]
[Black "Cvak, Rudolf"]
[Result "1/2-1/2"]
[WhiteElo "2226"]
[BlackElo "1835"]
[PlyCount "124"]
[EventDate "2004.??.??"]
[EventType "corr"]
[SourceDate "2004.06.03"]

1. d4 d5 2. c4 c6 3. Nf3 e6 4. e3 Nf6 5. Nc3 Nbd7 6. Qc2 Bd6 7. Be2 O-O 8. O-O
dxc4 9. Bxc4 b5 10. Bd3 a6 11. Ne4 Nxe4 12. Bxe4 Bb7 13. Bxh7+ Kh8 14. Bd3 c5
15. Be4 Bxe4 16. Qxe4 Kg8 17. b3 Rc8 18. Bb2 c4 19. bxc4 Rxc4 20. Rfc1 Qc7 21.
Rxc4 Qxc4 22. Qb1 Rc8 23. Qe1 Qa4 24. Qb1 Nb6 25. Ne1 Qb4 26. Kf1 Na4 27. Bc1
Qc3 28. a3 e5 29. Qa2 exd4 30. Bd2 Qc5 31. Bb4 Qb6 32. Bxd6 Qxd6 33. exd4 Qxh2
34. Nf3 Qh1+ 35. Ng1 Qh6 36. g3 Rc4 37. Qe2 Qc6 38. Qe5 f6 39. Qf4 Qd5 40. Nf3
Rc3 41. Kg2 Nb6 42. Re1 Kf7 43. Re4 Nc8 44. Kg1 Ne7 45. Re3 Rxe3 46. Qxe3 a5
47. Kf1 g5 48. Qd3 g4 49. Ne1 b4 50. axb4 axb4 51. Nc2 b3 52. Nb4 Qf3 53. Qxf3
gxf3 54. Nd3 Nc6 55. Ke1 Nxd4 56. Kd2 Ne2 57. Ne1 Nxg3 58. Kc3 Ke6 59. Kxb3 Kd5
60. Nxf3 Ne4 61. Kc2 Nxf2 62. Kd2 Ke4 1/2-1/2

[Event "6MCR_4D_2L_4S"]
[Site "?"]
[Date "2004.??.??"]
[Round "?"]
[White "Bares, Jiri"]
[Black "Jina, Jiri"]
[Result "0-1"]
[WhiteElo "2226"]
[BlackElo "2097"]
[PlyCount "80"]
[EventDate "2004.??.??"]
[EventType "corr"]
[SourceDate "2004.06.03"]

1. d4 d5 2. c4 e6 3. Nc3 Be7 4. Nf3 Nf6 5. Bg5 h6 6. Bh4 O-O 7. e3 c6 8. Qc2
Nbd7 9. Bd3 dxc4 10. Bxc4 b5 11. Bd3 Bb7 12. O-O a6 13. Rfd1 Rc8 14. Ne5 Nxe5
15. dxe5 Nd7 16. Bg3 c5 17. Ne4 c4 18. Bf1 Bd5 19. a3 Bh4 20. Bxh4 Qxh4 21. Nc3
Nxe5 22. Nxd5 exd5 23. Rxd5 Qf6 24. Rc1 Nc6 25. b3 Na5 26. Qb1 Nxb3 27. Rcd1
Rfd8 28. g3 Rxd5 29. Rxd5 c3 30. Bd3 Nd2 31. Qc2 Nf3+ 32. Kf1 Qc6 33. e4 Qe6
34. Qd1 Nd2+ 35. Kg2 Nxe4 36. Rd4 Nd2 37. Bc2 a5 38. Kg1 Re8 39. Kg2 Qc6+ 40.
f3 Nc4 0-1

[Event "6MCR_4D_2L_4S"]
[Site "?"]
[Date "2004.??.??"]
[Round "?"]
[White "Bares, Jiri"]
[Black "Novak, Tomas"]
[Result "1-0"]
[WhiteElo "2226"]
[BlackElo "1800"]
[PlyCount "103"]
[EventDate "2004.??.??"]
[EventType "corr"]
[SourceDate "2004.06.03"]

1. d4 f5 2. g3 Nf6 3. Bg2 e6 4. c4 d5 5. Nf3 c6 6. Qc2 Bd6 7. O-O Ne4 8. Bf4
Bxf4 9. gxf4 Nd7 10. Nc3 h6 11. Ne5 g5 12. cxd5 exd5 13. Nd3 Ndf6 14. e3 g4 15.
b4 Bd7 16. Ne5 h5 17. b5 cxb5 18. Rfc1 a6 19. Qb3 Nd2 20. Qb2 Nde4 21. a4 O-O
22. Qa2 Bc6 23. Ng6 Re8 24. axb5 axb5 25. Qb3 Nxc3 26. Qxc3 Qd6 27. Qc2 Qe6 28.
Ne5 Ra4 29. Rab1 Ne4 30. Bf1 Rc4 31. Qb2 h4 32. Bd3 Kh7 33. Bc2 Rg8 34. Re1 Bd7
35. Bxe4 fxe4 36. Nxd7 Qxd7 37. Qxb5 Rc7 38. Qxd7+ Rxd7 39. Kg2 Rg6 40. Rec1 b6
41. Rc8 Rdd6 42. Rb5 Rd7 43. Rf8 g3 44. fxg3 hxg3 45. f5 Rgg7 46. hxg3 Rg5 47.
Rxb6 Rdg7 48. Rg6 R7xg6 49. fxg6+ Rxg6 50. Rf5 Ra6 51. g4 Ra2+ 52. Kg3 1-0

[Event "6MCR_4D_2L_4S"]
[Site "?"]
[Date "2004.??.??"]
[Round "?"]
[White "Bares, Jiri"]
[Black "Schwarz, Jan"]
[Result "1-0"]
[WhiteElo "2226"]
[BlackElo "2270"]
[PlyCount "116"]
[EventDate "2004.??.??"]
[EventType "corr"]
[SourceDate "2004.06.03"]

1. d4 Nf6 2. c4 e6 3. Nc3 Bb4 4. Qc2 O-O 5. a3 Bxc3+ 6. Qxc3 b6 7. Bg5 Bb7 8.
f3 h6 9. Bh4 d5 10. e3 Nbd7 11. cxd5 Nxd5 12. Bxd8 Nxc3 13. Bh4 Nd5 14. Bf2 f5
15. Bb5 c6 16. Bd3 c5 17. Ne2 Rac8 18. O-O c4 19. Bc2 c3 20. Bd3 cxb2 21. Rab1
Nc3 22. Rxb2 g5 23. Ng3 f4 24. exf4 gxf4 25. Ne2 Nxe2+ 26. Rxe2 Bd5 27. Be1 Nb8
28. Bb4 Rfd8 29. Bd2 Rf8 30. Rc1 Rxc1+ 31. Bxc1 Nc6 32. Bb2 Kf7 33. Kf2 Ke7 34.
a4 Kd7 35. Bc3 Kd6 36. Re1 h5 37. h4 Bb3 38. Bb2 Kc7 39. Re4 Bd5 40. Re1 Bb3
41. Bc1 a5 42. Re4 Nb4 43. Be2 Bxa4 44. Rxe6 Bb3 45. Re7+ Kc8 46. Bb5 Rf5 47.
Re5 Rxe5 48. dxe5 Ba4 49. Be2 Nd5 50. g4 fxg3+ 51. Kxg3 Nc3 52. Bd3 b5 53. f4
b4 54. f5 Bb3 55. Bh6 Kd7 56. Bf8 Ke8 57. Bc5 Kd7 58. Bb6 Kc6 1-0

[Event "6MCR_4D_2L_4S"]
[Site "?"]
[Date "2004.??.??"]
[Round "?"]
[White "Bares, Jiri"]
[Black "Zitek, Miroslav"]
[Result "1-0"]
[WhiteElo "2226"]
[BlackElo "1800"]
[PlyCount "49"]
[EventDate "2004.??.??"]
[EventType "corr"]
[SourceDate "2004.06.03"]

1. d4 Nf6 2. c4 c6 3. Nc3 d5 4. cxd5 cxd5 5. Nf3 Nc6 6. Bf4 Qb6 7. a3 Bg4 8.
Na4 Qd8 9. Ne5 Rc8 10. Nxg4 Nxg4 11. e3 Nf6 12. Qb3 Nh5 13. Be5 f6 14. Be2 g6
15. Bxh5 fxe5 16. Bg4 Qa5+ 17. Nc3 Rb8 18. O-O Bg7 19. Nxd5 exd4 20. Rac1 Be5
21. f4 Bg7 22. e4 Qd8 23. Be6 Rf8 24. Qh3 Rh8 25. e5 1-0

[Event "6MCR_4D_2L_4S"]
[Site "?"]
[Date "2004.??.??"]
[Round "?"]
[White "Chvojka, Jaroslav"]
[Black "Bares, Jiri"]
[Result "1/2-1/2"]
[WhiteElo "2131"]
[BlackElo "2226"]
[PlyCount "61"]
[EventDate "2004.??.??"]
[EventType "corr"]
[SourceDate "2004.06.03"]

1. d4 Nf6 2. c4 e6 3. Nf3 c5 4. d5 exd5 5. cxd5 d6 6. e4 g6 7. Nc3 Bg7 8. Be2
O-O 9. Bg5 h6 10. Be3 Re8 11. Nd2 Nbd7 12. f3 Ne5 13. O-O a6 14. a4 Rb8 15. Rb1
Qc7 16. Nc4 Nxc4 17. Bxc4 Nd7 18. Be2 Ne5 19. Qd2 Kh7 20. b4 cxb4 21. Rxb4 Nd7
22. Bd4 Bxd4+ 23. Qxd4 b6 24. Rfb1 Nc5 25. Qf6 Kg8 26. Kh1 Re5 27. Rf1 Qe7 28.
Qf4 Kh7 29. Qe3 Qc7 30. f4 Re8 31. Re1 1/2-1/2

[Event "6MCR_4D_2L_4S"]
[Site "?"]
[Date "2004.??.??"]
[Round "?"]
[White "Chvojka, Jaroslav"]
[Black "Cvak, Rudolf"]
[Result "1-0"]
[WhiteElo "2131"]
[BlackElo "1835"]
[PlyCount "45"]
[EventDate "2004.??.??"]
[EventType "corr"]
[SourceDate "2004.06.03"]

1. d4 d5 2. c4 c6 3. Nf3 e6 4. e3 Nf6 5. Bd3 Nbd7 6. O-O dxc4 7. Bxc4 b5 8. Bd3
Bb7 9. e4 a6 10. e5 Nd5 11. a4 Be7 12. Nc3 N7b6 13. Nxd5 exd5 14. Qc2 Nxa4 15.
b3 Nb6 16. e6 fxe6 17. Bxh7 Bd6 18. Bg5 Qc7 19. Rfe1 Bc8 20. Bg6+ Kd7 21. Rxe6
Bxh2+ 22. Nxh2 Qxh2+ 23. Kf1 1-0

[Event "6MCR_4D_2L_4S"]
[Site "?"]
[Date "2004.??.??"]
[Round "?"]
[White "Chvojka, Jaroslav"]
[Black "Jina, Jiri"]
[Result "1/2-1/2"]
[WhiteElo "2131"]
[BlackElo "2097"]
[PlyCount "37"]
[EventDate "2004.??.??"]
[EventType "corr"]
[SourceDate "2004.06.03"]

1. d4 d5 2. c4 e6 3. Nf3 Nf6 4. e3 c5 5. cxd5 exd5 6. Bb5+ Nc6 7. O-O Bd6 8.
dxc5 Bxc5 9. Qc2 Qb6 10. Bxc6+ Qxc6 11. Bd2 O-O 12. Rc1 Ne4 13. Nc3 b6 14. Ne5
Qe6 15. Nd3 Rd8 16. Nxe4 dxe4 17. Nxc5 bxc5 18. Ba5 Rd5 19. Rd1 1/2-1/2

[Event "6MCR_4D_2L_4S"]
[Site "?"]
[Date "2004.??.??"]
[Round "?"]
[White "Chvojka, Jaroslav"]
[Black "Novak, Tomas"]
[Result "1/2-1/2"]
[WhiteElo "2131"]
[BlackElo "1800"]
[PlyCount "133"]
[EventDate "2004.??.??"]
[EventType "corr"]
[SourceDate "2004.06.03"]

1. d4 d5 2. c4 c6 3. Nf3 dxc4 4. e3 b5 5. a4 e6 6. axb5 cxb5 7. b3 Bb4+ 8. Bd2
Bxd2+ 9. Nbxd2 a5 10. bxc4 b4 11. Bd3 Nf6 12. Qa4+ Bd7 13. Qc2 a4 14. O-O b3
15. Qc3 Bc6 16. Ne5 O-O 17. Ra3 Bb7 18. Rfa1 Nbd7 19. Rxa4 Rxa4 20. Rxa4 Nxe5
21. dxe5 Ng4 22. Be2 Nxe5 23. Ra5 Nc6 24. Rb5 Qc7 25. Nxb3 h6 26. Nc5 Ba8 27.
Nd3 Rc8 28. Nf4 Nd8 29. Qa1 Qd6 30. Nh5 Qf8 31. Qb2 Nc6 32. f3 Na7 33. Re5 Nc6
34. Rb5 Na7 35. Re5 Nc6 36. Rc5 Rd8 37. Rb5 Na7 38. Rb6 Nc6 39. Qc3 Rc8 40. Rb1
Nd8 41. Rd1 Nb7 42. Rd4 Rc5 43. f4 Rc8 44. f5 exf5 45. Bd3 Rc5 46. Rd7 Rc6 47.
Qe5 Rc5 48. Qf4 Ra5 49. Qd4 Rc5 50. Nf4 Rc8 51. Nd5 Re8 52. Nc7 Rd8 53. Rxd8
Nxd8 54. Nxa8 Nc6 55. Qa1 Qe7 56. Bf1 Qxe3+ 57. Kh1 Ne5 58. h3 Nd3 59. Bxd3
Qxd3 60. Nb6 f4 61. Qe1 f3 62. gxf3 Qxf3+ 63. Kh2 Qd3 64. Nd5 Qxc4 65. Qe8+ Kh7
66. Qxf7 Qe2+ 67. Kg3 1/2-1/2

[Event "6MCR_4D_2L_4S"]
[Site "?"]
[Date "2004.??.??"]
[Round "?"]
[White "Chvojka, Jaroslav"]
[Black "Schwarz, Jan"]
[Result "1/2-1/2"]
[WhiteElo "2131"]
[BlackElo "2270"]
[PlyCount "41"]
[EventDate "2004.??.??"]
[EventType "corr"]
[SourceDate "2004.06.03"]

1. d4 Nf6 2. c4 e6 3. Nf3 b6 4. Nc3 Bb7 5. e3 Bb4 6. Bd2 O-O 7. Bd3 c5 8. O-O
d6 9. Re1 Nbd7 10. Ng5 Re8 11. Qc2 h6 12. Nge4 cxd4 13. exd4 Nxe4 14. Nxe4 Bxd2
15. Qxd2 Nf6 16. Ng3 Rc8 17. b4 a5 18. a3 axb4 19. axb4 b5 20. cxb5 Qb6 21. Ne2
1/2-1/2

[Event "6MCR_4D_2L_4S"]
[Site "?"]
[Date "2004.??.??"]
[Round "?"]
[White "Chvojka, Jaroslav"]
[Black "Zitek, Miroslav"]
[Result "1-0"]
[WhiteElo "2131"]
[BlackElo "1800"]
[PlyCount "105"]
[EventDate "2004.??.??"]
[EventType "corr"]
[SourceDate "2004.06.03"]

1. d4 d5 2. c4 e6 3. Nf3 Nf6 4. e3 c6 5. Bd3 Bb4+ 6. Bd2 Bd6 7. Nc3 O-O 8. O-O
Nbd7 9. Qc2 dxc4 10. Bxc4 Qe7 11. Rae1 e5 12. Ng5 h6 13. Nge4 Bc7 14. d5 Nxe4
15. Nxe4 cxd5 16. Bxd5 Nb6 17. Bb3 Bf5 18. f3 Rac8 19. Qc5 Qd7 20. Bb4 Bb8 21.
Qa5 Rfd8 22. Rd1 Qc6 23. Rxd8+ Rxd8 24. Qc5 Qe8 25. Ba5 Rc8 26. Qb4 Qc6 27.
Bxb6 Qxb6 28. Qxb6 axb6 29. Rd1 b5 30. Nd6 Bxd6 31. Rxd6 Rc1+ 32. Kf2 Kf8 33.
Rd8+ Ke7 34. Rd5 f6 35. Rxb5 Rc7 36. Bd5 Be6 37. Rxb7 Rxb7 38. Bxb7 Bxa2 39. b4
Bc4 40. Ke1 g6 41. Kd2 f5 42. f4 Kd6 43. h4 Bf1 44. g3 Bb5 45. e4 Ke6 46. h5
gxh5 47. Bc8+ Kf6 48. fxe5+ Kxe5 49. exf5 Bc6 50. Be6 Bb5 51. Kc3 Bf1 52. Bc4
Bg2 53. Bd3 1-0

[Event "6MCR_4D_2L_4S"]
[Site "?"]
[Date "2004.??.??"]
[Round "?"]
[White "Cvak, Rudolf"]
[Black "Bares, Jiri"]
[Result "0-1"]
[WhiteElo "1835"]
[BlackElo "2226"]
[PlyCount "100"]
[EventDate "2004.??.??"]
[EventType "corr"]
[SourceDate "2004.06.03"]

1. e4 c5 2. Nf3 d6 3. d4 cxd4 4. Nxd4 Nf6 5. Nc3 g6 6. Be3 Bg7 7. f3 Nc6 8. Qd2
O-O 9. Bc4 Bd7 10. O-O-O Rc8 11. Bb3 Ne5 12. h4 Nc4 13. Bxc4 Rxc4 14. g4 Qa5
15. Kb1 Rfc8 16. h5 Rxc3 17. bxc3 Bxg4 18. hxg6 Bxf3 19. gxf7+ Kf8 20. Rxh7
Nxh7 21. Nxf3 Qb5+ 22. Kc1 Bxc3 23. Bh6+ Kxf7 24. Qd5+ Qxd5 25. exd5 Nf6 26.
Be3 a6 27. Rd3 b5 28. a3 Rc4 29. Ng5+ Kg6 30. Nf3 Ne4 31. Bd4 Bxd4 32. Nxd4 Nc3
33. Nb3 Ne2+ 34. Kb2 Nf4 35. Rd1 Kf5 36. Nd4+ Kf6 37. Kb3 Kf7 38. Nf5 Re4 39.
Nd4 Re3+ 40. Ka2 Nxd5 41. Nxb5 Re5 42. Rf1+ Ke8 43. Nd4 Re4 44. Nf5 Kd7 45. Kb3
a5 46. Rf3 a4+ 47. Ka2 Kc6 48. Ng3 Re3 49. Rxe3 Nxe3 50. Ne2 Nxc2 0-1

[Event "6MCR_4D_2L_4S"]
[Site "?"]
[Date "2004.??.??"]
[Round "?"]
[White "Cvak, Rudolf"]
[Black "Chvojka, Jaroslav"]
[Result "1/2-1/2"]
[WhiteElo "1835"]
[BlackElo "2131"]
[PlyCount "68"]
[EventDate "2004.??.??"]
[EventType "corr"]
[SourceDate "2004.06.03"]

1. e4 c6 2. d4 d5 3. e5 Bf5 4. Nc3 e6 5. g4 Bg6 6. Nge2 c5 7. h4 cxd4 8. Nxd4
h5 9. f4 Qd7 10. f5 exf5 11. gxf5 Bxf5 12. Nxf5 Qxf5 13. Qxd5 Nc6 14. Bb5 Nge7
15. Qe4 Rd8 16. Bd2 Qxe4+ 17. Nxe4 Ng6 18. Bc3 a6 19. Bxc6+ bxc6 20. Rd1 Rxd1+
21. Kxd1 Be7 22. e6 f5 23. Ng3 Nxh4 24. Bxg7 Rh7 25. Bc3 f4 26. Ne4 Ng6 27. Bd2
Nf8 28. Bxf4 Nxe6 29. Be3 Kf7 30. Ke2 Kg6 31. Kf3 Rf7+ 32. Kg3 Rf8 33. Rd1 Bd8
34. Re1 Bc7+ 1/2-1/2

[Event "6MCR_4D_2L_4S"]
[Site "?"]
[Date "2004.??.??"]
[Round "?"]
[White "Cvak, Rudolf"]
[Black "Jina, Jiri"]
[Result "1/2-1/2"]
[WhiteElo "1835"]
[BlackElo "2097"]
[PlyCount "98"]
[EventDate "2004.??.??"]
[EventType "corr"]
[SourceDate "2004.06.03"]

1. e4 e5 2. Nf3 Nc6 3. Bb5 a6 4. Ba4 Nf6 5. d4 Nxd4 6. Nxd4 exd4 7. e5 Ne4 8.
Qxd4 Nc5 9. Nc3 Be7 10. Qg4 Kf8 11. O-O d6 12. Qh5 Nxa4 13. Nxa4 Qd7 14. exd6
Bxd6 15. Nc5 Qc6 16. Nb3 Qxc2 17. Qh4 Bd7 18. Bf4 Be7 19. Bg5 f6 20. Bf4 Qg6
21. Bxc7 Kf7 22. Nc5 Bb5 23. Rfc1 Bxc5 24. Rxc5 Rhe8 25. f3 Re2 26. Bg3 Rxb2
27. a4 Rb1+ 28. Rc1 Rxc1+ 29. Rxc1 Qd3 30. Re1 Bc6 31. Qh5+ Qg6 32. Qc5 Kg8 33.
a5 Rd8 34. Qe7 Re8 35. Qc5 h6 36. Rxe8+ Qxe8 37. h4 Qe6 38. Bf2 g5 39. Qe3 Kf7
40. hxg5 hxg5 41. Qxe6+ Kxe6 42. Bb6 f5 43. Bd8 g4 44. Kf2 gxf3 45. gxf3 b5 46.
axb6 Kd7 47. Bf6 a5 48. Ke3 Bb7 49. Kd2 Bxf3 1/2-1/2

[Event "6MCR_4D_2L_4S"]
[Site "?"]
[Date "2004.??.??"]
[Round "?"]
[White "Cvak, Rudolf"]
[Black "Novak, Tomas"]
[Result "0-1"]
[WhiteElo "1835"]
[BlackElo "1800"]
[PlyCount "130"]
[EventDate "2004.??.??"]
[EventType "corr"]
[SourceDate "2004.06.03"]

1. Nf3 f5 2. e4 fxe4 3. Ng5 d5 4. d3 Qd6 5. Nc3 h6 6. Nb5 Qc6 7. dxe4 hxg5 8.
exd5 Qd7 9. Bxg5 a6 10. Nc3 e5 11. Bd3 Qf7 12. Qe2 Bd6 13. f4 Nd7 14. Rf1 Ngf6
15. O-O-O Kd8 16. Kb1 exf4 17. Bxf4 Nc5 18. h3 Bd7 19. Qf2 Nxd3 20. Rxd3 Bxf4
21. Qxf4 Bb5 22. Nxb5 axb5 23. Qb4 Kc8 24. Qxb5 Qe7 25. Rdd1 Rd8 26. g4 Ra6 27.
Rde1 Qd6 28. c4 c6 29. dxc6 Qd3+ 30. Ka1 Rxc6 31. g5 Ne8 32. Qa5 Nc7 33. Qf5+
Ne6 34. Qxd3 Rxd3 35. b4 Rxh3 36. c5 Nxg5 37. Rf8+ Kd7 38. Rf5 Rg6 39. Rd1+ Ke6
40. Rf8 Ke5 41. Rg1 Rhh6 42. Rb8 Nf3 43. Rxg6 Rxg6 44. Rxb7 Kd5 45. Kb2 Nd4 46.
Kc3 Rg3+ 47. Kd2 g5 48. a4 Kc4 49. Ke1 Rf3 50. c6 Rf8 51. Kd2 Nxc6 52. b5 Ne5
53. b6 Rf2+ 54. Kc1 Nd3+ 55. Kd1 Nc5 56. Rg7 Kd3 57. Ke1 Ne4 58. Rd7+ Ke3 59.
Kd1 Rb2 60. a5 g4 61. Kc1 Rb5 62. Rg7 Kf4 63. Rf7+ Kg5 64. Rg7+ Kh5 65. b7 Nc5
0-1

[Event "6MCR_4D_2L_4S"]
[Site "?"]
[Date "2004.??.??"]
[Round "?"]
[White "Cvak, Rudolf"]
[Black "Schwarz, Jan"]
[Result "1/2-1/2"]
[WhiteElo "1835"]
[BlackElo "2270"]
[PlyCount "74"]
[EventDate "2004.??.??"]
[EventType "corr"]
[SourceDate "2004.06.03"]

1. e4 c5 2. Nf3 Nc6 3. d4 cxd4 4. Nxd4 Nf6 5. Nc3 e5 6. Ndb5 d6 7. Bg5 a6 8.
Na3 b5 9. Bxf6 gxf6 10. Nd5 Bg7 11. c3 f5 12. exf5 Bxf5 13. Nc2 O-O 14. Nce3
Bd7 15. Bd3 f5 16. Bc2 e4 17. f4 b4 18. Bb3 bxc3 19. Nxc3+ Kh8 20. Qxd6 Nd4 21.
Rd1 Nxb3 22. O-O Ba4 23. Qxd8 Raxd8 24. Rxd8 Rxd8 25. Nxa4 Bd4 26. Re1 Nc1 27.
Kf1 Nd3 28. Re2 Bxe3 29. Rxe3 Rd4 30. b3 Nxf4 31. g3 Nd3 32. Re2 Rd6 33. Rc2
Kg7 34. Nb2 Nxb2 35. Rxb2 Kf6 36. Ke2 Ke6 37. b4 Rb6 1/2-1/2

[Event "6MCR_4D_2L_4S"]
[Site "?"]
[Date "2004.??.??"]
[Round "?"]
[White "Cvak, Rudolf"]
[Black "Zitek, Miroslav"]
[Result "1-0"]
[WhiteElo "1835"]
[BlackElo "1800"]
[PlyCount "75"]
[EventDate "2004.??.??"]
[EventType "corr"]
[SourceDate "2004.06.03"]

1. Nf3 Nf6 2. g3 g6 3. Bg2 Bg7 4. O-O O-O 5. c4 d5 6. cxd5 Nxd5 7. d4 Na6 8.
Nc3 c6 9. e4 Nb6 10. Ne5 c5 11. Be3 cxd4 12. Bxd4 Bxe5 13. Bxe5 Qxd1 14. Raxd1
Nc4 15. Bf4 Nxb2 16. Rd4 Nb8 17. Bh6 Re8 18. Nd5 Nc6 19. Rd2 Nc4 20. Rc2 Na3
21. Rc5 Nd4 22. Rd1 Ne6 23. Rcc1 b5 24. f4 Bb7 25. f5 Ng7 26. Nc7 gxf5 27. Nxe8
Nxe8 28. exf5 Bxg2 29. Kxg2 Nc4 30. Rd7 Ncd6 31. Rc5 a6 32. Rxe7 Rd8 33. Rd5
Nf6 34. Rd4 a5 35. Bf4 Kf8 36. Ra7 Nfe8 37. f6 a4 38. Ra6 1-0

[Event "6MCR_4D_2L_4S"]
[Site "?"]
[Date "2004.??.??"]
[Round "?"]
[White "Jina, Jiri"]
[Black "Bares, Jiri"]
[Result "1/2-1/2"]
[WhiteElo "2097"]
[BlackElo "2226"]
[PlyCount "82"]
[EventDate "2004.??.??"]
[EventType "corr"]
[SourceDate "2004.06.03"]

1. e4 c5 2. c3 d5 3. exd5 Qxd5 4. d4 Nf6 5. Nf3 Bg4 6. Nbd2 Nc6 7. Bc4 Bxf3 8.
Qxf3 Qxf3 9. Nxf3 cxd4 10. cxd4 e6 11. Bg5 Bb4+ 12. Ke2 Nd5 13. Rac1 h6 14.
Bxd5 exd5 15. Bf4 g5 16. Bg3 f5 17. Be5 O-O 18. a3 Be7 19. Kd3 Rac8 20. h3 Kf7
21. b4 a6 22. Rce1 b5 23. Rc1 a5 24. Bc7 Rxc7 25. Rxc6 Rxc6 26. Ne5+ Kf6 27.
Nxc6 axb4 28. Nxe7 Kxe7 29. axb4 Ra8 30. Rc1 Ra2 31. Rc2 Ra3+ 32. Rc3 Ra2 33.
Rc2 Ra4 34. Rc5 Rxb4 35. Rxd5 Ke6 36. Re5+ Kf6 37. g4 Rb3+ 38. Kc2 Rf3 39. Rxb5
Rxf2+ 40. Kd3 fxg4 41. hxg4 Rg2 1/2-1/2

[Event "6MCR_4D_2L_4S"]
[Site "?"]
[Date "2004.??.??"]
[Round "?"]
[White "Jina, Jiri"]
[Black "Chvojka, Jaroslav"]
[Result "0-1"]
[WhiteElo "2097"]
[BlackElo "2131"]
[PlyCount "26"]
[EventDate "2004.??.??"]
[EventType "corr"]
[SourceDate "2004.06.03"]

1. e4 c6 2. d4 d5 3. Nd2 dxe4 4. Nxe4 Nf6 5. Nxf6+ exf6 6. Bc4 Bd6 7. Qh5 O-O
8. Ne2 g6 9. Qf3 Bf5 10. Bh6 Re8 11. O-O-O Nd7 12. Nc3 Nb6 13. h4 Nxc4 0-1

[Event "6MCR_4D_2L_4S"]
[Site "?"]
[Date "2004.??.??"]
[Round "?"]
[White "Jina, Jiri"]
[Black "Cvak, Rudolf"]
[Result "1-0"]
[WhiteElo "2097"]
[BlackElo "1835"]
[PlyCount "105"]
[EventDate "2004.??.??"]
[EventType "corr"]
[SourceDate "2004.06.03"]

1. e4 e6 2. d4 d5 3. Nd2 dxe4 4. Nxe4 Nd7 5. Nf3 Ngf6 6. Bg5 h6 7. Nxf6+ Nxf6
8. Bxf6 Qxf6 9. Bd3 Bd7 10. O-O O-O-O 11. Ne5 Bd6 12. f4 Bxe5 13. fxe5 Qg5 14.
Qf3 Bc6 15. Be4 Bxe4 16. Qxe4 Rhf8 17. Rae1 Qe7 18. c3 c5 19. Rf2 Kb8 20. a3
cxd4 21. cxd4 Rd7 22. Qg4 f5 23. exf6 Rxf6 24. Rxf6 Qxf6 25. Re4 a6 26. h3 Qf5
27. Qg3+ Ka8 28. Qe3 Rd6 29. Kh2 Qd5 30. b4 g5 31. a4 Kb8 32. Kh1 h5 33. a5 Ka7
34. Re5 Qxd4 35. Qxd4+ Rxd4 36. Rxg5 Rxb4 37. Rxh5 Kb8 38. g4 Kc7 39. g5 Kd7
40. Rh7+ Ke8 41. Kh2 Rb5 42. h4 Rxa5 43. Rxb7 e5 44. g6 Kf8 45. Kg3 Rb5 46.
Rf7+ Kg8 47. h5 Rb1 48. Kg4 Rg1+ 49. Kf5 Rf1+ 50. Ke6 Rg1 51. Rc7 e4 52. Kf6
Rf1+ 53. Kg5 1-0

[Event "6MCR_4D_2L_4S"]
[Site "?"]
[Date "2004.??.??"]
[Round "?"]
[White "Jina, Jiri"]
[Black "Novak, Tomas"]
[Result "1/2-1/2"]
[WhiteElo "2097"]
[BlackElo "1800"]
[PlyCount "68"]
[EventDate "2004.??.??"]
[EventType "corr"]
[SourceDate "2004.06.03"]

1. e4 e5 2. Nf3 Nc6 3. Nc3 Nf6 4. d4 exd4 5. Nxd4 Bb4 6. Nxc6 bxc6 7. Bd3 d5 8.
exd5 cxd5 9. O-O O-O 10. Bg5 c6 11. Re1 Rb8 12. a3 Bd6 13. b4 a5 14. b5 h6 15.
Bh4 g5 16. Bg3 Bxg3 17. hxg3 Bg4 18. Qd2 d4 19. Ne4 Nxe4 20. Rxe4 Bf5 21. Re5
Bxd3 22. Qxd3 cxb5 23. Rxb5 Rxb5 24. Qxb5 Qf6 25. Re1 Rc8 26. Re2 Qd8 27. Kh2
Qc7 28. Qd5 Rd8 29. Qf5 Kg7 30. Re5 Qc8 31. Qe4 a4 32. Rd5 Rxd5 33. Qxd5 Qxc2
34. Qxd4+ Kg6 1/2-1/2

[Event "6MCR_4D_2L_4S"]
[Site "?"]
[Date "2004.??.??"]
[Round "?"]
[White "Jina, Jiri"]
[Black "Schwarz, Jan"]
[Result "1/2-1/2"]
[WhiteElo "2097"]
[BlackElo "2270"]
[PlyCount "89"]
[EventDate "2004.??.??"]
[EventType "corr"]
[SourceDate "2004.06.03"]

1. e4 c5 2. Nf3 d6 3. d4 Nf6 4. Nc3 cxd4 5. Nxd4 Nc6 6. Bg5 e6 7. Qd2 h6 8.
Bxf6 gxf6 9. O-O-O a6 10. Be2 Qb6 11. f4 Nxd4 12. Qxd4 Qxd4 13. Rxd4 Rg8 14. g3
Rb8 15. a3 b5 16. Rhd1 Be7 17. Bf3 Bb7 18. R4d3 Rc8 19. Ne2 h5 20. Nd4 Rh8 21.
c3 h4 22. g4 Rg8 23. h3 Bd8 24. R1d2 Bb6 25. f5 Bxd4 26. Rxd4 exf5 27. Rf2 fxg4
28. Bxg4 Rd8 29. Rxf6 Rg6 30. e5 Ke7 31. Rf2 dxe5 32. Rxd8 Kxd8 33. Rxf7 Bc6
34. Kd2 Rd6+ 35. Ke2 Be4 36. Rf8+ Ke7 37. Rh8 Kf6 38. Rh6+ Bg6 39. Rxh4 Kg5 40.
Rh8 Kf4 41. Rf8+ Kg5 42. Ke1 Kh4 43. Rh8+ Kg5 44. Bd1 Bf5 45. Be2 1/2-1/2

[Event "6MCR_4D_2L_4S"]
[Site "?"]
[Date "2004.??.??"]
[Round "?"]
[White "Jina, Jiri"]
[Black "Zitek, Miroslav"]
[Result "1-0"]
[WhiteElo "2097"]
[BlackElo "1800"]
[PlyCount "66"]
[EventDate "2004.??.??"]
[EventType "corr"]
[SourceDate "2004.06.03"]

1. e4 d6 2. d4 Nf6 3. Bd3 g6 4. c3 Bg7 5. Nf3 O-O 6. O-O c5 7. h3 d5 8. e5 Nfd7
9. Re1 Nc6 10. Be3 Re8 11. Qd2 c4 12. Bc2 Nf8 13. Bh6 Ne6 14. Bxg7 Kxg7 15. Qe3
b5 16. Nbd2 a5 17. Nh2 Rh8 18. f4 f5 19. Qg3 Nc7 20. a3 b4 21. h4 b3 22. Bd1
Qg8 23. h5 a4 24. Nhf3 Kf8 25. h6 Ne6 26. Nxc4 dxc4 27. d5 Nxf4 28. Qxf4 Qxd5
29. Ng5 Qc5+ 30. Kh1 Ra6 31. Bf3 Ke8 32. Rad1 Nd8 33. Rd5 Qc7 1-0

[Event "6MCR_4D_2L_4S"]
[Site "?"]
[Date "2004.??.??"]
[Round "?"]
[White "Novak, Tomas"]
[Black "Bares, Jiri"]
[Result "1/2-1/2"]
[WhiteElo "1800"]
[BlackElo "2226"]
[PlyCount "87"]
[EventDate "2004.??.??"]
[EventType "corr"]
[SourceDate "2004.06.03"]

1. e4 c5 2. c3 d5 3. exd5 Qxd5 4. d4 Nf6 5. Nf3 Bg4 6. Be2 e6 7. h3 Bh5 8. O-O
Nc6 9. Be3 cxd4 10. Nxd4 Bxe2 11. Qxe2 Bc5 12. Rd1 Nxd4 13. Bxd4 Qc6 14. Bxc5
Qxc5 15. Nd2 Qc6 16. Nf3 O-O 17. Rd4 Rad8 18. Rad1 Rxd4 19. Rxd4 Qc7 20. c4 Rc8
21. Ne5 h6 22. b4 a6 23. a3 b6 24. f4 Rd8 25. Qd3 Rxd4 26. Qxd4 Kf8 27. Kf2 Ke7
28. h4 h5 29. Ke3 Qb7 30. c5 Nd5+ 31. Kf2 bxc5 32. Qxc5+ Ke8 33. Nc4 Qd7 34.
Nd6+ Kf8 35. g3 Kg8 36. Ne4 Nf6 37. Nxf6+ gxf6 38. Qc4 Qa7+ 39. Kg2 Qa8+ 40.
Kh2 Kg7 41. a4 Qa7 42. Qe2 Qd4 43. b5 a5 44. Qxh5 1/2-1/2

[Event "6MCR_4D_2L_4S"]
[Site "?"]
[Date "2004.??.??"]
[Round "?"]
[White "Novak, Tomas"]
[Black "Chvojka, Jaroslav"]
[Result "1/2-1/2"]
[WhiteElo "1800"]
[BlackElo "2131"]
[PlyCount "116"]
[EventDate "2004.??.??"]
[EventType "corr"]
[SourceDate "2004.06.03"]

1. e4 c6 2. d4 d5 3. Nc3 dxe4 4. Nxe4 Nf6 5. Nxf6+ exf6 6. c3 Qd5 7. Nf3 Bd6 8.
Bd3 O-O 9. Qc2 Re8+ 10. Be3 Kh8 11. Qb3 Qxb3 12. axb3 Be6 13. O-O Nd7 14. b4 a6
15. Nd2 f5 16. Nc4 Bc7 17. Rfe1 Nf6 18. f3 Nd5 19. Re2 Nxe3 20. Rxe3 Kg8 21.
Rae1 Kf8 22. Na5 Rab8 23. R3e2 h5 24. Bc4 Bxc4 25. Nxc4 Rxe2 26. Rxe2 f6 27. g3
f4 28. g4 hxg4 29. fxg4 Kf7 30. Nd2 g5 31. Nf3 Rg8 32. Kg2 Rh8 33. Re1 Rh7 34.
Rh1 Ke6 35. b3 Rg7 36. h3 Kd7 37. Re1 Bd8 38. Nd2 Rh7 39. Ne4 Be7 40. c4 Kc7
41. Nc5 Rf7 42. Re6 Kb6 43. Ne4 Kc7 44. d5 cxd5 45. cxd5 Bd8 46. Re8 b6 47. Re6
Kb8 48. Rc6 Rd7 49. Nxf6 Re7 50. h4 gxh4 51. Kf3 Re3+ 52. Kxf4 Rxb3 53. g5
Rxb4+ 54. Kf5 Rb1 55. Rc2 b5 56. Nd7+ Kb7 57. Nc5+ Kb6 58. Ne6 Rf1+ 1/2-1/2